| 000 | 00521nam a22001817a 4500 | ||
|---|---|---|---|
| 005 | 20230117144032.0 | ||
| 008 | 141108b xxu||||| |||| 00| 0 eng d | ||
| 020 |
_a9789384106034 _c495.00 |
||
| 040 | _aLoreto College | ||
| 082 |
_a370 _bGUH |
||
| 245 |
_aChallenges and opportunities in education _cedited by Debika Guha |
||
| 260 |
_aKolkata _bDept. of B.Ed,Loreto College and Levant Books _c2014 |
||
| 300 |
_axxvi,301p _b22cm |
||
| 650 | _aEducation | ||
| 700 |
_4ed. _aGuha,Debika |
||
| 850 | _aLCBED | ||
| 942 | _cBK | ||
| 999 |
_c43102 _d93581 |
||